| 000 | 02011nam a2200469Ii 4500 | ||
|---|---|---|---|
| 001 | DIGDJUST0158 | ||
| 003 | NyNyDIG | ||
| 006 | m o d | ||
| 007 | cr ||||||||||| | ||
| 008 | 250101s2023 ck a ob 000 0 spa d | ||
| 035 | _a(OCoLC)1453452267 | ||
| 040 |
_aDGITA _beng _erda _epn _cDGITA |
||
| 020 |
_a9786287517714 _qversión digital |
||
| 020 |
_z9786287517707 _qversión impresa |
||
| 041 | 0 |
_aspa _bspa _beng |
|
| 043 | _as-ck--- | ||
| 050 | 1 | 4 | _aKHH5866 ebook |
| 100 | 1 |
_aValderrama Gómez, César Augusto, _eauthor. |
|
| 245 | 1 | 0 |
_aJusticia ancestral en los consejos comunitarios del Norte del Cauca : _bcomportamiento durante la pandemia / _cCésar Augusto Valderrama Gómez, Sofía Forero Alba. |
| 264 | 1 |
_aBogotá, Colombia : _bEditorial Dejusticia, _c[2023] |
|
| 300 |
_a1 online resource : _billustrations. |
||
| 336 |
_atext _btxt _2rdacontent |
||
| 337 |
_acomputer _bc _2rdamedia |
||
| 338 |
_aonline resource _bcr _2rdacarrier |
||
| 347 |
_atext file _2rdaft |
||
| 347 | _bPDF | ||
| 490 | 1 |
_aDocumentos ; _v85 |
|
| 504 | _aIncludes bibliographical references. | ||
| 546 | _aText in Spanish with abstract in Spanish and English. | ||
| 588 | 0 | _aOnline resource; title from PDF title page (Digitalia, viewed January 1, 2025) | |
| 650 | 0 |
_aDue process of law _zColombia. |
|
| 650 | 0 |
_aCriminal justice, Administration of _zColombia. |
|
| 650 | 0 |
_aIndian councils _zColombia. |
|
| 700 | 1 |
_aForero Alba, Sofía, _eauthor. |
|
| 776 | 0 | 8 |
_iPrint version: _aValderrama Gómez, César Augusto. _tJusticia ancestral en los consejos comunitarios del Norte del Cauca. _dBogotá, Colombia : Editorial Dejusticia, [2023] _z9786287517707 |
| 791 | 2 |
_aDigitalia (Firm), _edistributor. |
|
| 793 | 0 |
_gDigitalia eBook Collection: _aDejusticia |
|
| 830 | 0 |
_aDocumentos (Centro de Estudios de Derecho, Justicia y Sociedad (Bogotá, Colombia)); _v85. |
|
| 856 | 4 | 0 |
_3Digitalia Hispánica _uhttps://www.digitaliapublishing.com/a/156534/ |
| 910 | _aPremium collection: 2025 | ||
| 942 | _cRAA | ||
| 999 |
_c286524 _d286524 |
||